Sports Quiz

Random Sports or MLB Quiz

MLB AL MVPs Quiz Stats

 Plays Quiz Updated Nov 12, 2020

Support Sporcle.
Go Orange.
Score 0/90 Timer 10:00
31 Plays Today
Year MVP % Correct
2019Mike Trout
96.3%
2003Alex Rodriguez
95.9%
2005Alex Rodriguez
95.9%
2007Alex Rodriguez
95.9%
2016Mike Trout
95.7%
2014Mike Trout
95.4%
1999Ivan Rodriguez
94.7%
2012Miguel Cabrera
94.5%
2013Miguel Cabrera
94.4%
2018Mookie Betts
91.4%
2017José Altuve
90.9%
2011Justin Verlander
88.7%
1997Ken Griffey, Jr.
87.3%
1956Mickey Mantle
87%
1957Mickey Mantle
87%
1962Mickey Mantle
87%
2008Dustin Pedroia
86.1%
2015Josh Donaldson
85.1%
1994Frank Thomas
83.9%
1993Frank Thomas
83.9%
1991Cal Ripken, Jr.
83%
1983Cal Ripken, Jr.
82.5%
2020José Abreu
81.2%
2001Ichiro Suzuki
81.1%
2006Justin Morneau
80.2%
1939Joe DiMaggio
79.8%
1941Joe DiMaggio
79.8%
1947Joe DiMaggio
79.8%
2000Jason Giambi
76.8%
1946Ted Williams
75.9%
Year MVP % Correct
1949Ted Williams
75.9%
1960Roger Maris
75.1%
1961Roger Maris
75.1%
2009Joe Mauer
74.4%
1973Reggie Jackson
74.3%
1951Yogi Berra
74%
1954Yogi Berra
74%
1955Yogi Berra
74%
1988Jose Canseco
72.7%
1982Robin Yount
72.5%
1989Robin Yount
72.5%
1980George Brett
71.7%
2004Vladimir Guerrero
71.6%
1936Lou Gehrig
71.2%
1996Juan Gonzalez
70.3%
1998Juan Gonzalez
70.3%
1966Frank Robinson
68.6%
1964Brooks Robinson
68.5%
2002Miguel Tejada
65.8%
1986Roger Clemens
63.2%
1985Don Mattingly
62.5%
1959Nellie Fox
62.3%
1990Rickey Henderson
61.3%
1969Harmon Killebrew
60.5%
1932Jimmie Foxx
59.1%
1933Jimmie Foxx
59.1%
1938Jimmie Foxx
59.1%
2010Josh Hamilton
58.7%
1995Mo Vaughn
58.6%
1978Jim Rice
58.1%
Year MVP % Correct
1992Dennis Eckersley
55.1%
1977Rod Carew
51.8%
1967Carl Yastrzemski
51.8%
1935Hank Greenberg
49.7%
1940Hank Greenberg
49.7%
1976Thurman Munson
49.4%
1987George Bell
46.8%
1975Fred Lynn
45.7%
1981Rollie Fingers
40.8%
1984Willie Hernandez
38.3%
1971Vida Blue
36.7%
1968Denny McLain
34.9%
1950Phil Rizzuto
34.9%
1963Elston Howard
34.3%
1970Boog Powell
33.3%
1979Don Baylor
30.3%
1937Charlie Gehringer
26.9%
1944Hal Newhouser
26.4%
1945Hal Newhouser
26.4%
1974Jeff Burroughs
26.1%
1972Dick Allen
25.4%
1931Lefty Grove
25.1%
1953Al Rosen
22.9%
1948Lou Boudreau
21.9%
1934Mickey Cochrane
20.7%
1965Zoilo Versalles
20.8%
1942Joe Gordon
19.7%
1958Jackie Jensen
15.4%
1943Spud Chandler
11.7%
1952Bobby Shantz
11.1%

You're not logged in!

Compare scores with friends on all Sporcle quizzes.
OR
Log In

From the Vault

Blackboard Blitz: NHL Teams

by goc3

Why is it hockey games always break out at boxing matches?
Remove Ads.
Support Sporcle.
Get the best of Sporcle when you Go Orange. This ad-free experience offers more features, more stats, and more fun while also helping to support Sporcle. Thank you for becoming a member.

Show Comments

Extras

Top Quizzes Today


Score Distribution

Your Account Isn't Verified!

In order to create a playlist on Sporcle, you need to verify the email address you used during registration. Go to your Sporcle Settings to finish the process.

Report this User

Report this user for behavior that violates our Community Guidelines.

Details: